000 00554nam a2200217Ia 4500
003 OSt
005 20220928144103.0
006 a|||||r|||| 00| 0
007 ta
008 220927b |||||||| |||| 00| 0 eng d
024 _a24210
037 _cTextual
040 _aSDCL
_cSDCL
_beng
041 _2eng
_aeng
082 _aP15,C:3x, N4
100 _aMishra Hariram
_9506862
245 0 _aVyakaran-tantta ka kavyashastra par probhav
260 _c1994
942 _hP15,C:3x, N4
_cTEXL
_2CC
999 _c826125
_d826125